000
00240nam a2200109Ia 4500
999
_c
9877
_d
9877
020
_a
978-1873630129
100
_a
Donald Watson
245
0
_a
Advanced Vocabulary in Context
260
_a
India
_b
Cambridge
_c
1984
300
_a
337
942
_c
BK